|
|
|
|
| LEADER |
00803nam a22002177a 4500 |
| 001 |
88 |
| 003 |
BD-DhAAL |
| 005 |
20150116120640.0 |
| 008 |
150114s1984 bg ||||| |||| 00| 0 eng d |
| 040 |
|
|
|a BD-DhAAL
|c BD-DhAAL
|
| 082 |
|
|
|2 22
|a 349.8
|
| 245 |
|
|
|a A hand book of important laws, rules and orders on personnel & office administration in Bangladesh /
|c Compiled by D. S. Yusuf Hyder
|
| 260 |
|
|
|a Dhaka :
|b Staff Training Institute,
|c 1984
|
| 300 |
|
|
|a ii, 1260 p. ;
|c 25 cm.
|
| 541 |
|
|
|e 88
|
| 650 |
|
|
|a Law and legislation
|9 7395
|
| 710 |
|
|
|a Hyder, D. S. Yusuf
|9 7396
|
| 852 |
|
|
|a Ayesha Abed Library
|
| 942 |
|
|
|2 ddc
|c BK
|
| 999 |
|
|
|c 33486
|d 33486
|
| 952 |
|
|
|0 0
|1 0
|2 ddc
|4 0
|6 349_800000000000000_HAN
|7 0
|9 44762
|a BRACUL
|b BRACUL
|c GEN
|d 2015-01-14
|g 80.00
|l 0
|o 349.8 HAN
|p 3010000088
|r 2015-01-14
|w 2015-01-14
|y BK
|